000 00269nam a22001097a 4500
008 230704b xxu||||| |||| 00| 0 eng d
082 _a355.4
_bMOY 1956
245 _aThe King's African Rifles
260 _bGale & Polden Ltd
_c1956
300 _aXIX,727p
942 _2ddc
_cBK
999 _c3866
_d3866